1049 1593 1031 1017 1481 1682 1767 1059 1115 1574 1758 1812 1070 1421 1052 1350 1837 1100 1015 1118 1451 1910 1638 1643 1403 1316 1725 1569 1435 1031 1295 1589 1325 2000 1807 1838 1919 1476 1716 1309 1336 1279 1753 1856 1839 1676 1269 1266 1954 1935 1384 1017 1518 1858 1612 1353 1792 1008 1481 1734 1752 1454 1674 1615 1986 1388 1321 1672 1900 1073 1696 1460 1059 1033 1333 1861 1176 1106 1034 1478 1270 1390 1272 1431 1591 1683 1931 1775 1612 1530 1575 1030 1705 1602 1858 1760 1947 1720 1210 BCNSPRNW ULIB Ver.6.0+V

เปลี่ยนเป็นภาษาไทย

Change to English
 แสดงรายละเอียดบรรณานุกรม
  กลับหน้าหลัก

Brief Record : Get Marc (ISO 2709) : E-mail record : QR code < ปิดหน้าต่าง
LEADER : 00000nam 2200000uu 4500
001    13399121001
003     ULIB
008    121030s2547||||th 000 0 tha d
020    ^a9742762295
050 04 ^aHM62^bบ175ส
100 0  ^aบรรเทิง พาพิจิตร
245 10 ^aสังคมวิทยา /^cบรรเทิง พาพิจิตร
250    ^aพิมพ์ครั้งที่ 1
260    ^aกรุงเทพฯ :^bโอเดียนสโตร์,^c2547
300    ^a278 หน้า ;^c24 ซม
650  7 ^aสังคมวิทยา
650  7 ^aสถาบันสังคม
945    ^p180^l0^i14560
945    ^p180^l0^i14561
995    ^aทศพร
999    ^aทศพร เกษรทอง
รายการนี้ยังไม่มีแท็ก
คุณยังไม่ได้ล็อกอิน คุณสามารถมีกิจกรรมร่วมกับเว็บไซต์ได้ แต่ต้องล็อกอินก่อน ::
  ล็อกอิน

รายการสื่อสารสนเทศ

ลำดับที่ ประเภท เลขเรียก/บาร์โค้ด สถานที่ สถานะ
1. วิทยาศาสตร์การแพทย์ และสุขภาพ
วิทยาศาสตร์การแพทย์ และสุขภาพ
HM62 บ175ส ฉ.1 
  Barcode: 14560
ห้องสมุดวิทยาเขตสวรรค์ประชารักษ์
►หนังสือทั่วไป
บนชั้น
2. วิทยาศาสตร์การแพทย์ และสุขภาพ
วิทยาศาสตร์การแพทย์ และสุขภาพ
HM62 บ175ส ฉ.2 
  Barcode: 14561
ห้องสมุดวิทยาเขตสวรรค์ประชารักษ์
►หนังสือทั่วไป
บนชั้น

รายการใกล้เคียง
    ผู้แต่ง [บรรเทิง พาพิจิตร]

    หัวเรื่อง [สังคมวิทยา]
    หัวเรื่อง [สถาบันสังคม]

BibComment


ยังไม่เคยถูกคอมเมนท์

คอมเมนท์ทรัพยากรรายการนี้
  คอมเมนท์: สังคมวิทยา บรรเ..


 Copyright 2026. Bcnsprnw @Library